00000000nam##2200000za#4500
0019.568535
003CaOODSP
00520240215150447
007cr |||||||||||
008150406|2007||||xxc|||||o    f|0| 0 eng|d
040 |aCaOODSP|beng
043 |an-cn---
0861 |aPS83-3/182E-PDF
1102 |aCorrectional Service Canada.
24513|aAn overview of electronic monitoring in corrections : |h[electronic resource]|bthe issues and implications / |c[by] Shauna Bottos.
260 |bCorrectional Service Canada |cApril 2007.
300 |a31p.|breferences
4901 |aResearch report|vR-182
590 |a11-01-Supp|b2011-01-11
7201 |aBottos, Shauna
77508|tUn aperçu de la surveillance électronique au sein du système correctionnel : |w(CaOODSP)9.599811
830#0|aResearch report (Correctional Service Canada. Research Branch)|vR-182|w(CaOODSP)9.506063
85640|ahttp://publications.gc.ca|qPDF|s125 KB|uhttps://publications.gc.ca/collections/collection_2010/scc-csc/PS83-3-182-eng.pdf|yR-182